MARC

LEADER 00000nam0a2200000 4500
001 356900
005 20260220164250.0
035 |a (RuTPU)RU\TPU\retro\14160 
035 |a RU\TPU\retro\14153 
090 |a 356900 
100 |a 20200724d1973 m y0rusy50 ca 
101 0 |a rus 
102 |a RU 
105 |a a j 001zy 
200 1 |a История СССР  |e пособие для поступающих в МГУ  |h Ч. 2  |f под ред. И. Д. Мартысевича 
210 |a Москва  |c Изд-во МГУ  |d 1973 
215 |a 95 с. 
320 |a Библиография в ссылках 
606 |a СССР  |x История  |z 1917-1991  |9 82073 
610 1 |a учебные пособия 
610 1 |a буржуазно-демократические революции 
610 1 |a социалистическая революция 
610 1 |a диктатура пролетариата 
610 1 |a военная интервенция 
610 1 |a Гражданская война 1918-1921 
610 1 |a народное хозяйство 
610 1 |a восстановление 
610 1 |a индустриализация 
610 1 |a предвоенные годы 
686 |a Т3(2)6  |2 rubbk 
702 1 |a Мартысевич  |b И. Д.  |4 340 
801 1 |a RU  |b 63413507  |c 20200724 
801 2 |a RU  |b 63413507  |c 20210406  |g RCR 
942 |c BK